01251nam2a22002531 4500001001100000005001700011021001900028035002600047100004100073101000800114102000700122105001800129200031600147210001800463215002300481320005000504461028300554702003000837702003200867702003900899801001800938801002200956852001900978rc\347109620250610021324.0 aRUb[74-72371] a(NLR Aleph) 007640468 a20130115d1974 |||y0rusy50 ca0 arus aRU aa z |||||1 aНефти Средней Азии, Казахстана, Сибири и о. СахалинfРед. коллегия: З.В. Дриацкая [и др.]g[Сост. З.В. Дриацкая, М.А. Мхчиян, Н.М. Жмыхова и др.]gТитульные ред.: З.В. Дриацкая [ и др.] d1974aБ. м. a787 с.cсхем. aАлф. указ. нефтей: с. 780-787 01001rc\347109212001#$aНефти СССР$eСправочник$eВ 4 т.$fРед. З.В. Дриацкая [и др.]. Т. 1-$vТ .4cМоскваd1971-fРед. З.В. Дриацкая [и др.]. Т. 1-nХимияoСправочник : В 4 т.tНефти СССРvТ .4 1aМхчиянbМ.А.4220 1aЖмыховаbН.М.4220 1aДриацкаяbЗ.В.43404220 0aRUbNLRgpsbo 1aRUbELAR2rusmarc aNLRj71-5/3969